<?xml version="1.0" encoding="UTF-8"?>
<record
    xmlns:xsi="http://www.w3.org/2001/XMLSchema-instance"
    xsi:schemaLocation="http://www.loc.gov/MARC21/slim http://www.loc.gov/standards/marcxml/schema/MARC21slim.xsd"
    xmlns="http://www.loc.gov/MARC21/slim">

  <leader>01386nam a22001817a 4500</leader>
  <controlfield tag="005">20231003135156.0</controlfield>
  <controlfield tag="008">      s2537    th           o      tha d</controlfield>
  <datafield tag="040" ind1=" " ind2=" ">
    <subfield code="a">NALT</subfield>
  </datafield>
  <datafield tag="086" ind1=" " ind2=" ">
    <subfield code="a">&#xE2A;&#xE1C; 09 1.2 328.32 2537 </subfield>
  </datafield>
  <datafield tag="110" ind1="2" ind2=" ">
    <subfield code="a">&#xE2A;&#xE33;&#xE19;&#xE31;&#xE01;&#xE07;&#xE32;&#xE19;&#xE40;&#xE25;&#xE02;&#xE32;&#xE18;&#xE34;&#xE01;&#xE32;&#xE23;&#xE2A;&#xE20;&#xE32;&#xE1C;&#xE39;&#xE49;&#xE41;&#xE17;&#xE19;&#xE23;&#xE32;&#xE29;&#xE0E;&#xE23;.</subfield>
    <subfield code="b">&#xE01;&#xE2D;&#xE07;&#xE01;&#xE32;&#xE23;&#xE1B;&#xE23;&#xE30;&#xE0A;&#xE38;&#xE21;</subfield>
    <subfield code="9">10747</subfield>
  </datafield>
  <datafield tag="245" ind1="1" ind2="0">
    <subfield code="a">&#xE2A;&#xE23;&#xE38;&#xE1B;&#xE1C;&#xE25;&#xE07;&#xE32;&#xE19;&#xE02;&#xE2D;&#xE07;&#xE2A;&#xE20;&#xE32;&#xE1C;&#xE39;&#xE49;&#xE41;&#xE17;&#xE19;&#xE23;&#xE32;&#xE29;&#xE0E;&#xE23; &#xE41;&#xE25;&#xE30;&#xE17;&#xE35;&#xE48;&#xE1B;&#xE23;&#xE30;&#xE0A;&#xE38;&#xE21;&#xE23;&#xE48;&#xE27;&#xE21;&#xE01;&#xE31;&#xE19;&#xE02;&#xE2D;&#xE07;&#xE23;&#xE31;&#xE10;&#xE2A;&#xE20;&#xE32; &#xE0A;&#xE38;&#xE14;&#xE17;&#xE35;&#xE48; 18 &#xE1B;&#xE35;&#xE17;&#xE35;&#xE48; 2 (&#xE2A;&#xE21;&#xE31;&#xE22;&#xE2A;&#xE32;&#xE21;&#xE31;&#xE0D; &#xE04;&#xE23;&#xE31;&#xE49;&#xE07;&#xE17;&#xE35;&#xE48;&#xE2A;&#xE2D;&#xE07;) 1 &#xE1E;&#xE24;&#xE29;&#xE20;&#xE32;&#xE04;&#xE21; 2537 - 29 &#xE01;&#xE23;&#xE01;&#xE0E;&#xE32;&#xE04;&#xE21; 2537 /</subfield>
    <subfield code="c">&#xE01;&#xE2D;&#xE07;&#xE01;&#xE32;&#xE23;&#xE1B;&#xE23;&#xE30;&#xE0A;&#xE38;&#xE21; &#xE2A;&#xE33;&#xE19;&#xE31;&#xE01;&#xE07;&#xE32;&#xE19;&#xE40;&#xE25;&#xE02;&#xE32;&#xE18;&#xE34;&#xE01;&#xE32;&#xE23;&#xE2A;&#xE20;&#xE32;&#xE1C;&#xE39;&#xE49;&#xE41;&#xE17;&#xE19;&#xE23;&#xE32;&#xE29;&#xE0E;&#xE23;.</subfield>
  </datafield>
  <datafield tag="260" ind1=" " ind2=" ">
    <subfield code="a">&#xE01;&#xE23;&#xE38;&#xE07;&#xE40;&#xE17;&#xE1E;&#xE2F; : </subfield>
    <subfield code="b">&#xE01;&#xE2D;&#xE07;&#xE01;&#xE32;&#xE23;&#xE1B;&#xE23;&#xE30;&#xE0A;&#xE38;&#xE21; &#xE2A;&#xE33;&#xE19;&#xE31;&#xE01;&#xE07;&#xE32;&#xE19;&#xE40;&#xE25;&#xE02;&#xE32;&#xE18;&#xE34;&#xE01;&#xE32;&#xE23;&#xE2A;&#xE20;&#xE32;&#xE1C;&#xE39;&#xE49;&#xE41;&#xE17;&#xE19;&#xE23;&#xE32;&#xE29;&#xE0E;&#xE23;, </subfield>
    <subfield code="c">2537.</subfield>
  </datafield>
  <datafield tag="300" ind1=" " ind2=" ">
    <subfield code="a">86 &#xE2B;&#xE19;&#xE49;&#xE32; ;</subfield>
    <subfield code="c">29 &#xE0B;&#xE21;.</subfield>
  </datafield>
  <datafield tag="505" ind1="2" ind2=" ">
    <subfield code="a">&#xE2A;&#xE23;&#xE38;&#xE1B;&#xE1C;&#xE25;&#xE07;&#xE32;&#xE19;&#xE02;&#xE2D;&#xE07;&#xE2A;&#xE20;&#xE32;&#xE1C;&#xE39;&#xE49;&#xE41;&#xE17;&#xE19;&#xE23;&#xE32;&#xE29;&#xE0E;&#xE23;&#xE41;&#xE25;&#xE30;&#xE17;&#xE35;&#xE48;&#xE1B;&#xE23;&#xE30;&#xE0A;&#xE38;&#xE21;&#xE23;&#xE48;&#xE27;&#xE21;&#xE01;&#xE31;&#xE19;&#xE02;&#xE2D;&#xE07;&#xE23;&#xE31;&#xE10;&#xE2A;&#xE20;&#xE32;.</subfield>
  </datafield>
  <datafield tag="610" ind1="2" ind2="4">
    <subfield code="a">&#xE2A;&#xE20;&#xE32;&#xE1C;&#xE39;&#xE49;&#xE41;&#xE17;&#xE19;&#xE23;&#xE32;&#xE29;&#xE0E;&#xE23; </subfield>
    <subfield code="9">30507</subfield>
    <subfield code="x">&#xE1C;&#xE25;&#xE07;&#xE32;&#xE19;</subfield>
    <subfield code="y">2537</subfield>
  </datafield>
  <datafield tag="850" ind1=" " ind2=" ">
    <subfield code="a">NALT</subfield>
  </datafield>
  <datafield tag="942" ind1=" " ind2=" ">
    <subfield code="c">PAR</subfield>
    <subfield code="2">local</subfield>
  </datafield>
  <datafield tag="999" ind1=" " ind2=" ">
    <subfield code="c">35790</subfield>
    <subfield code="d">35790</subfield>
  </datafield>
  <datafield tag="998" ind1=" " ind2=" ">
    <subfield code="j">1524</subfield>
    <subfield code="k"> &#xE19;&#xE32;&#xE07;&#xE2A;&#xE32;&#xE27;&#xE28;&#xE23;&#xE31;&#xE13;&#xE22;&#xE4C;&#xE20;&#xE23;  &#xE0A;&#xE33;&#xE19;&#xE32;&#xE0D;&#xE1B;&#xE48;&#xE32;</subfield>
  </datafield>
  <datafield tag="952" ind1=" " ind2=" ">
    <subfield code="0">0</subfield>
    <subfield code="1">0</subfield>
    <subfield code="2">local</subfield>
    <subfield code="4">0</subfield>
    <subfield code="7">0</subfield>
    <subfield code="8">CPARPUB</subfield>
    <subfield code="a">NALT</subfield>
    <subfield code="b">NALT</subfield>
    <subfield code="c">PARPUB</subfield>
    <subfield code="d">2018-08-28</subfield>
    <subfield code="o">&#xE2A;&#xE1C; 09 1.2 328.32 2537</subfield>
    <subfield code="p">3961137886</subfield>
    <subfield code="r">2017-06-09 00:00:00</subfield>
    <subfield code="t">&#xE09;. 2</subfield>
    <subfield code="w">2017-06-09</subfield>
    <subfield code="y">PAR</subfield>
  </datafield>
  <datafield tag="952" ind1=" " ind2=" ">
    <subfield code="0">0</subfield>
    <subfield code="1">0</subfield>
    <subfield code="2">local</subfield>
    <subfield code="4">0</subfield>
    <subfield code="7">0</subfield>
    <subfield code="8">CPARPUB</subfield>
    <subfield code="a">NALT</subfield>
    <subfield code="b">NALT</subfield>
    <subfield code="c">PARPUB</subfield>
    <subfield code="d">2018-08-28</subfield>
    <subfield code="o">&#xE2A;&#xE1C; 09 1.2 328.32 2537</subfield>
    <subfield code="p">3961132078</subfield>
    <subfield code="r">2017-06-09 00:00:00</subfield>
    <subfield code="t">&#xE09;. 1</subfield>
    <subfield code="w">2017-06-09</subfield>
    <subfield code="y">PAR</subfield>
  </datafield>
</record>
